| 000 | 006600000a22002170004500 | ||
|---|---|---|---|
| 020 | _a84-301-0531-X | ||
| 041 | 0 | _aSPA | |
| 082 | 0 | 4 | _aG 270.92 G521c |
| 100 | 1 | _aGirardi, Jules (1926-) | |
| 245 | 1 | 0 | _aCristianismo y liberación del hombre / Jules Girardi ; Leopoldo Márquez, Traductor |
| 250 | _a2 | ||
| 260 | _aSalamanca, España : Sígueme | ||
| 300 | _a220 Pag | ||
| 440 | 0 | _aColección Nueva Alianza; No. 55 | |
| 500 | _aTítulo original : Christianisme, liberation humaine, lutte des classes | ||
| 001 | 8456 | ||
| 942 | _cBK | ||
| 999 |
_c38604 _d38604 |
||
| 336 |
_atexto _btxt _2rdacontent |
||
| 337 |
_2rdamedia _asin mediación _bn |
||
| 338 |
_2rdacarrier _avolumen _bnc |
||